| 000 | 01090nam a2200313 a 4500 | ||
|---|---|---|---|
| 001 | 000004412 | ||
| 003 | DO-SdBPM | ||
| 005 | 20241106103355.0 | ||
| 008 | 090722s2005 dr 000 0 spa d | ||
| 020 | _a999347973X | ||
| 040 |
_aDO-SdBPM _bspa _cBPMSU |
||
| 082 | 4 |
_a158.2 _bG633p 2005 _222 |
|
| 100 | 1 | _aGómez, José Miguel | |
| 245 | 1 | 3 |
_aLa personalidad de su pareja : _bsu carácter, su temperamento, sus rasgos, su madurez y sus patologías maritales / _cJosé Miguel Gómez. |
| 260 |
_aSanto Domingo : _bEditora Búho, _c2005. |
||
| 300 |
_a203 p. ; _c22 cm. |
||
| 490 | 0 | _aAutoayuda y biblioterápia | |
| 500 | _aIncluye índice | ||
| 500 | _aIncluye datos biográficos en la solapa de la cubierta | ||
| 500 | _aIncluye referencias bibliográficas y notas al pie de las páginas | ||
| 590 | _aInventariado, 2024/VM | ||
| 650 | 4 |
_aParejas _xAspectos psicologícos |
|
| 650 | 4 |
_aAmor _xAspectos psicologícos |
|
| 650 | 4 |
_aDivorcio _xAspectos sociales |
|
| 650 | 4 | _aConsejeria | |
| 650 | 4 | _aPersonalidad | |
| 910 | _aVMateo V. Control de calidad. BPMSU | ||
| 942 |
_2ddc _cBK |
||
| 999 |
_c14848 _d14848 |
||